Clinical dermatology of dogs and cats : a guide to diagnosis and therapy /

Veterinary dermatology.

Bibliographic Details
Main Author: Willemse, Ton
Format: Book
Language:English
Published: Philadelphia : Lea & Febiger, [1991]
Subjects:

MARC

Tag First Indicator Second Indicator Subfields
LEADER 00000cam a22000008a 4500
001 in00004475430
005 20191202143320.0
008 901212|1991 paua b 00110 eng c
010 |a  90013693  
020 |a 0812114604 
035 |a (OCoLC)22910561 
035 |9 AAE3863MS 
035 |z (UtOrBLW)14321 
035 |a 25131 
040 |a DNLM/DLC  |c DLC  |d TMV  |d UtOrBLW 
049 |a TMVM  |c 1 
050 0 0 |a SF992.S55  |b W56 1991 
060 0 |a SF 901 W699c 
060 4 |a SF 992 S55  |b W699c 1991 
082 0 0 |a 636.089/075  |2 20 
100 1 |a Willemse, Ton. 
245 1 0 |a Clinical dermatology of dogs and cats :  |b a guide to diagnosis and therapy /  |c Ton Willemse. 
264 1 |a Philadelphia :  |b Lea & Febiger,  |c [1991] 
264 4 |c ©1991 
300 |a viii, 141 pages :  |b color illustrations ;  |c 28 cm. 
336 |a text  |2 rdacontent  |b txt 
337 |a unmediated  |2 rdamedia 
338 |a volume  |2 rdacarrier  |b nc 
504 |a Includes bibliographical references (page [139]) and index. 
520 8 |a Veterinary dermatology. 
520 8 |a Pets 
650 2 |a Cat Diseases  |x diagnosis. 
650 2 |a Cat Diseases  |x therapy. 
650 2 |a Dog Diseases  |x diagnosis. 
650 2 |a Dog Diseases  |x therapy. 
650 2 |a Skin Diseases  |x veterinary. 
999 |a MARS 
999 f f |s df195906-7c1d-3f0f-9ed9-7d1435a301ff  |i 167f93fd-15fe-3b7a-9d5f-87e959eb3cdf  |t 0 
952 f f |p preservation  |a Texas A&M University  |b J.J. Pickle Campus  |c High Density Repository  |d Remote Storage  |t 0  |e SF 992 S55 W699c 1991  |h National Library of Medicine classification  |i unmediated -- volume  |m 323890099378I 
998 f f |a SF 992 S55 W699c 1991  |t 0  |l Remote Storage